00721naa a22001577i 45000010005000000030009000050050017000140080041000310350017000720400037000890410008001261000119001342450116002536550030003697730164003998194KOSZ 00520180320120745.0160308s2005 ||||| ||||1|| 0 pol  aPBN-R:247125 cKOSZ 005/mdaPBN-IDdKOSZ 005/HR0 apol1 aZAWADZKA, Danuta.d2007-2011.bPolitechnika Koszalińska - Instytut Ekonomii i Zarządzania,cZakład Finansów10aZjawisko spóźnionych płatności w transakcjach handlowych w krajach Unii Europejskiej /cDanuta Zawadzka. 0aMateriały konferencyjne.0 iW :tFinanse / red. Bogusław Pietrzak. -dWarszawa : Szkoła Główna Handlowa w Warszawie, 2005. -gs.75-82.kMonografie i Opracowania Naukowez 8373781773